00419nam a2200145Ia 4500100001800000942000700018654001500025245005200040260002800092082001900120300000800139546001200147999001700159952009700176 aCane/ Sheila  cRB aProduction aKaizen Strategies for Winning through People bPitman Publishingc1996 a658.00952bCAN a242 aENGLISH c17812d17812 001040708CRCaCRCEbCRCEd2023-03-17l0o658.00952 CANp11863r2023-03-17w2023-03-17yRB